| 000 | 00706cam a22002413a 4500 | ||
|---|---|---|---|
| 001 | 27988 | ||
| 003 | PGUSA | ||
| 005 | 20140828083614.0 | ||
| 008 | 090204s2009||||xxu|||||s|||||000 | eng d | ||
| 040 |
_aPGUSA _beng |
||
| 042 | _adc | ||
| 050 | 4 | _aD | |
| 100 | 1 |
_aHaines, T. L. _q(Thomas Louis), _d1844- |
|
| 245 | 1 | 0 |
_aMuseum of Antiquity : _bA Description of Ancient Life _h[electronic resource] / _cT. L. Haines |
| 260 |
_bProject Gutenberg, _c2009 |
||
| 506 | _aPublic domain in the USA. | ||
| 516 | _aElectronic text | ||
| 653 | _aClassical antiquities | ||
| 653 | _aCivilization, Ancient | ||
| 830 | 0 |
_aProject Gutenberg _v27988 |
|
| 856 | 4 | 0 | _uhttp://www.gutenberg.org/ebooks/27988 |
| 942 | _cEB | ||
| 999 |
_c257243 _d257243 |
||